| 000 | 01877nam a2200385 a 4500 | ||
|---|---|---|---|
| 001 | ebr10635023 | ||
| 003 | CaPaEBR | ||
| 006 | m u | ||
| 007 | cr cn||||||||| | ||
| 008 | 120209s2012 nju sb 001 0 eng d | ||
| 010 | _z 2012005100 | ||
| 020 | _z9780813554136 (hbk. : alk. paper) | ||
| 020 | _z9780813554129 (pbk. : alk. paper) | ||
| 020 | _z9780813554143 (e-book) | ||
| 040 |
_aCaPaEBR _cCaPaEBR |
||
| 035 | _a(OCoLC)825179534 | ||
| 043 | _an-us--- | ||
| 050 | 1 | 4 |
_aHV9104 _b.A27 2012eb |
| 082 | 0 | 4 |
_a365/.420973 _223 |
| 100 | 1 | _aAbrams, Laura S. | |
| 245 | 1 | 0 |
_aCompassionate confinement _h[electronic resource] : _ba year in the life of Unit C / _cLaura S. Abrams, Ben Anderson-Nathe. |
| 260 |
_aNew Brunswick, N.J. : _bRutgers University Press, _cc2012. |
||
| 300 | _axii, 169 p. | ||
| 440 | 0 | _aCritical issues in crime and society | |
| 504 | _aIncludes bibliographical references and index. | ||
| 505 | 0 | _aHistory and current tensions in juvenile corrections -- The setting -- Mixed messages: "Therapy speak" in a correctional milieu -- "Take it like a man" : masculinities, treatment, and crime -- "Jumping through hoops": identity, self-preservation, and change -- On the outs -- Rehabilitating rehabilitation: what we learned from Unit C. | |
| 533 |
_aElectronic reproduction. _bPalo Alto, Calif. : _cebrary, _d2013. _nAvailable via World Wide Web. _nAccess may be limited to ebrary affiliated libraries. |
||
| 650 | 0 |
_aJuvenile corrections _zUnited States. |
|
| 650 | 0 |
_aJuvenile detention homes _zUnited States _vCase studies. |
|
| 650 | 0 |
_aJuvenile delinquents _xRehabilitation _zUnited States. |
|
| 655 | 7 |
_aElectronic books. _2local |
|
| 700 | 1 | _aAnderson-Nathe, Ben. | |
| 710 | 2 | _aebrary, Inc. | |
| 856 | 4 | 0 |
_uhttp://site.ebrary.com/lib/rucke/Doc?id=10635023 _zAn electronic book accessible through the World Wide Web; click to view |
| 999 |
_c47917 _d47917 |
||